Cases in Industrial Logistics Management : Supported by the European TEMPUS Programme

Enregistré dans:
Détails bibliographiques
Autres auteurs: Muller(-Malek), Henry (Éditeur intellectuel), Merkuryev, Yuri (Éditeur intellectuel), Silinevicha, Irena (Éditeur intellectuel), Zülch, Gert (Éditeur intellectuel)
Format: Livre
Langue:anglais
Publié: Aachen : Shaker Verlag, 1999
Tags: Ajouter un tag
Pas de tags, Soyez le premier à ajouter un tag!

MARC

LEADER 00000nam a22000003a 4500
001 stu55571
005 20150617225659.1
008 001107s1999----NSR-----------------eng-d
020 |a 3-8265-6369-7 
040 |a STU  |b slo 
041 0 |a eng 
044 |a NSR 
080 |a 658.1 
100 1 |a Muller(-Malek), Henry  |4 edt 
245 1 |a Cases in Industrial Logistics Management :  |b Supported by the European TEMPUS Programme 
260 |a Aachen :  |b Shaker Verlag,  |c 1999 
300 |a 284 s 
700 1 |a Merkuryev, Yuri  |4 edt 
700 1 |a Silinevicha, Irena  |4 edt 
700 1 |a Zülch, Gert  |4 edt 
996 |b 284V027476  |c V*46661/O-20527  |l VVT  |s A  |a 24  |w stu55571_0001